Missing Word: Best Supporting Actor A-Z Quiz Stats

Quiz Updated Aug 13, 2015

Challenge
Share
Tweet
Embed
Score 0/24 Timer 03:00
0 Plays Today
Actor Answer % Correct
Morgan _____ (F)Freeman
97.6%
Denzel _____ (W)Washington
96.6%
_____ Lee Jones (T)Tommy
95.7%
_____ Williams (R)Robin
94.7%
_____ Arkin (A)Alan
93.6%
Gene _____ (H)Hackman
90.2%
_____ Burns (G)George
88%
Jack _____ (N)Nicholson
88%
Joe _____ (P)Pesci
85.8%
Kevin _____ (K)Kline
84.9%
_____ Landau (M)Martin
83.6%
Anthony _____ (Q)Quinn
82.3%
Actor Answer % Correct
_____ Gossett, Jr. (L)Louis
81.9%
_____ Begley (E)Ed
81.8%
Burl _____ (I)Ives
80.3%
_____ Robards (J)Jason
75%
Peter _____ (U)Ustinov
60.6%
_____ Waltz (C)Christoph
59.5%
Red _____ (B)Buttons
55.2%
Gig _____ (Y)Young
53.4%
_____ Heflin (V)Van
52.4%
J.K. _____ (S)Simmons
50.3%
Melvyn _____ (D)Douglas
39.8%
Edmond _____ (O)O'Brien
23.6%

Today's Daily Dose

Missing Word
1971 Movies A-Z

Word Ladder
Complete Tour

Quick Pick
Logo Colors

On This Day
January 19th

You're not logged in!

Compare scores with friends on all Sporcle quizzes.
Sign Up with Email
OR
Log In

You Might Also Like...

Show Comments

Extras

Top Quizzes Today


Score Distribution

Your Account Isn't Verified!

In order to create a playlist on Sporcle, you need to verify the email address you used during registration. Go to your Sporcle Settings to finish the process.